Studies on the Effect of Etiolation and Growth Regulator Treatments on Air-Layering of Litchi (Litchi ohinensis Sonn.) CV. Purbi (Record no. 50095)

MARC details
000 -LEADER
fixed length control field 00494nam a22001577a 4500
003 - CONTROL NUMBER IDENTIFIER
control field OSt
008 - FIXED-LENGTH DATA ELEMENTS--GENERAL INFORMATION
fixed length control field 260420b |||||||| |||| 00| 0 eng d
082 ## - DEWEY DECIMAL CLASSIFICATION NUMBER
Classification number 635.93328
Item number H69S
100 ## - MAIN ENTRY--PERSONAL NAME
Personal name Hoda, Syed Zafrul
245 ## - TITLE STATEMENT
Title Studies on the Effect of Etiolation and Growth Regulator Treatments on Air-Layering of Litchi (Litchi ohinensis Sonn.) CV. Purbi
260 ## - PUBLICATION, DISTRIBUTION, ETC. (IMPRINT)
Place of publication, distribution, etc BAU, Sabour
Name of publisher, distributor, etc RAU, Pusa
Date of publication, distribution, etc 1987
300 ## - PHYSICAL DESCRIPTION
Extent 43P.
502 ## - DISSERTATION NOTE
Degree type Msc.
Year degree granted 1987
650 ## - SUBJECT ADDED ENTRY--TOPICAL TERM
Topical term or geographic name as entry element Fruit and Fruit Technology
942 ## - ADDED ENTRY ELEMENTS (KOHA)
Source of classification or shelving scheme
Koha item type Thesis
Holdings
Withdrawn status Lost status Source of classification or shelving scheme Damaged status Not for loan Home library Current library Date acquired Total Checkouts Full call number Barcode Date last seen Bill Date Koha item type
          Dr. Rajendra Prasad Central Agricultural University Pusa, Dr. Rajendra Prasad Central Agricultural University Pusa, 20/04/2026   635.93328 H69S 39341 20/04/2026 20/04/2026 Thesis
Hosted, Implemented, Customized & Maintained by: BestBookBuddies

Powered by Koha